| 000 | nam a22 7a 4500 | ||
|---|---|---|---|
| 999 |
_c329497 _d329497 |
||
| 003 | NUST | ||
| 005 | 20170510122241.0 | ||
| 008 | 170510b xxu||||| |||| 00| 0 eng d | ||
| 040 | _c0 | ||
| 082 | _a530.15 BOA | ||
| 100 |
_aBoas,Mary L. _9273 |
||
| 245 |
_aMathematical Methods In The Physical Sciences _cMary L.Boas |
||
| 250 | _a3rd ed. | ||
| 260 |
_aIslamabad _bNational Book Foundation _c2008 |
||
| 300 | _a839p. | ||
| 500 | _aH.B | ||
| 942 |
_2ddc _cBK _k530.15 BOA |
||